| 000 | 02699nam0a2200445 4500 | ||
|---|---|---|---|
| 001 | RU\NLR\bibl\1871536 | ||
| 005 | 20260407051232.0 | ||
| 021 |
_aRU _b2012-6237 _9455 |
||
| 035 | _a(NLR Aleph) 001861373 | ||
| 090 |
_a2536126 _c2536126 |
||
| 100 | _a20120218d2011 |||y0rusy50 ca | ||
| 101 | 0 | _arus | |
| 102 | _aRU | ||
| 105 | _aa z 000zy | ||
| 135 | _acrmn mmmancda | ||
| 200 | 1 |
_aРазработка и начало освоения программ совершенствования производства в подразделениях угледобывающего предприятия _f[Федоров А.В., Великосельский А.В., Маврин В.А. и др. _gНИИОГР, СУЭК, Сибирская угольная энергетическая компания] |
|
| 210 |
_aМосква _cГорная книга _d2011 |
||
| 215 |
_a34, [2] с. _cил., цв. ил. _d20 |
||
| 225 | 1 |
_aБиблиотека горного инженера-руководителя _vвып. 15 |
|
| 225 | 1 |
_aГорный информационно-аналитический бюллетень _e(научно-технический журнал) _iОтдельная статья _x0236-1493 _v№ 11 |
|
| 300 | _aАвт. указаны в макете | ||
| 320 | _aБиблиогр. в конце кн. и в подстроч. примеч. | ||
| 325 | _aКопия доступна в Электрон. б-ке РНБ | ||
| 606 | 1 |
_aУгольная промышленность _xПроизводительность труда _92259951 _3RU\NLR\AUTH\6601584974 |
|
| 686 | 1 | _aУ30(2)565.1-641 | |
| 701 | 1 |
_8rus _7ca _aФедоров _bА. В. _cспециалист в обл. угольной пром-сти _gАндрей Витальевич _3RU\NLR\AUTH\77126642 _9109566 |
|
| 701 | 1 |
_aВеликосельский _bА. В. _gАндрей Владимирович |
|
| 701 | 1 |
_aМаврин _bВ.А. |
|
| 712 | 0 | 2 |
_4570 _aНаучно-технический центр угольной промышленности по открытым горным работам _cЧелябинск _3RU\NLR\AUTH\8810020432 _9538851 |
| 801 | 0 |
_aRU _bNLR _c20120218 _gRCR |
|
| 801 | 1 |
_aRU _bNLR _c20120218 |
|
| 942 | _cBOOK | ||
| 980 | _aNB | ||
| 980 | _aNBR | ||
| 981 | 1 | 3 |
_a(13) Документы, защищенные авторским правом _b(13) Современная научная, научно-популярная и популярная л |